000
00196nam a2200097Ia 4500
008
240331s9999 xx 000 0 und d
082
_b
RAG
100
_a
Raghavan,P
245
0
_a
Mellinam
942
_c
L
999
_c
2958
_d
2958